000 00457nam a2200181Ia 4500
001 20764
005 20260306172829.0
008 260306t2000||||xx |||||||||||||| ||spa||
041 _aESP
082 _a343.8
_bA64 2000
100 _aApaza Meza, Mario
_eAUT
245 0 _aImpuesto a la renta y ajustes por inflación texto impreso
260 _c2000
300 _a923 páginas :
_c21cm.
650 _aGEN
654 _aCDE
942 _cLIB
_dJUS
_fJUS
_2ddc
_n
999 _c20764
_d20764